Tài liệu chuyên sinh học trung học phổ thông : Bài tập di truyền và tiến hóa

Nội dung sách gồm bài tập tự luận và các bài tập trắc nghiệm, là nội dung cơ bản, quan trọng mà học sinh cần nắm vững.

محفوظ في:
التفاصيل البيبلوغرافية
المؤلف الرئيسي: Trần, Ngọc Danh
التنسيق: كتاب
اللغة:Undetermined
منشور في: Hà Nội Giáo dục Việt Nam 2014
الموضوعات:
الوسوم: إضافة وسم
لا توجد وسوم, كن أول من يضع وسما على هذه التسجيلة!
Thư viện lưu trữ: Trung tâm Học liệu Trường Đại học Cần Thơ
LEADER 00934nam a2200229Ia 4500
001 CTU_207171
008 210402s9999 xx 000 0 und d
020 |c 31000 
082 |a 570.712 
082 |b D107 
100 |a Trần, Ngọc Danh 
245 0 |a Tài liệu chuyên sinh học trung học phổ thông : 
245 0 |b Bài tập di truyền và tiến hóa 
245 0 |c Trần Ngọc Danh, Phạm Phương Bình 
260 |a Hà Nội 
260 |b Giáo dục Việt Nam 
260 |c 2014 
520 |a Nội dung sách gồm bài tập tự luận và các bài tập trắc nghiệm, là nội dung cơ bản, quan trọng mà học sinh cần nắm vững. 
650 |a Sinh học,Biology 
650 |x Dạy và học (Trung học),Study and teaching (Secondary) 
904 |i Tuyến 
980 |a Trung tâm Học liệu Trường Đại học Cần Thơ